[Event "BRA-ch Amateurs U2000"]
[Site "Sao Paulo"]
[Date "2024.06.01"]
[Round "6"]
[White "Silva, Rene Augusto Dos Sa"]
[Black "Leal, Guilherme Alves De"]
[Result "0-1"]
[WhiteElo "1866"]
[BlackElo "1556"]
[PlyCount "130"]
[EventDate "2024.05.30"]
[EventType "swiss"]
[EventRounds "7"]
[EventCountry "BRA"]
[SourceTitle "CBM 220 Extra"]
[Source "ChessBase"]
[SourceDate "2024.07.31"]
[SourceVersion "1"]
[SourceVersionDate "2024.07.31"]
[SourceQuality "1"]

1. d4 Nf6 2. c4 c5 3. d5 b5 4. cxb5 a6 5. bxa6 g6 6. g3 Bxa6 7. Bg2 d6 8. Nf3 Bg7 9. Nc3 0-0 10. 0-0 Nbd7 11. Re1 Rb8 12. e4 Ng4 13. Bf1 Bxf1 14. Rxf1 Nge5 15. Nxe5 Bxe5 16. f4 Bd4+ 17. Kg2 Qa5 18. Rf3 Nf6 19. Qe2 Bxc3 20. bxc3 Rb7 21. h3 Rfb8 22. Qd3 Qa4 23. Re3 c4 24. Qd2 Nd7 25. e5 Nc5 26. Qe2 Nb3 27. Rb1 Nxc1 28. Rxb7 Rxb7 29. Qe1 Qxa2+ 30. Kf3 Nd3 31. Qf1 Rb1 32. Qe2 Qxe2+ 33. Rxe2 Re1 34. exd6 exd6 35. Ra2 Nc5 36. Ra8+ Kg7 37. Rd8 Ne4 38. Rc8 Nxc3 39. Rxc4 Nxd5 40. Rd4 Ne7 41. Rxd6 Nf5 42. Rd3 Rg1 43. Kf2 Rxg3 44. Rxg3 Nxg3 45. Kxg3 Kf6 46. Kg4 h5+ 47. Kg3 Kf5 48. Kf3 g5 49. fxg5 Kxg5 50. Kg3 h4+ 51. Kf3 Kf5 52. Ke3 Ke5 53. Kf3 f5 54. Ke3 f4+ 55. Kf3 Kf5 56. Kf2 Ke4 57. Ke2 f3+ 58. Kf2 Kf4 59. Kf1 Kg3 60. Kg1 Kxh3 61. Kf2 Kg4 62. Kf1 Kg3 63. Kg1 f2+ 64. Kf1 h3 65. Ke2 Kg2 0-1

[Event "BRA-ch Amateurs U2000"]
[Site "Sao Paulo"]
[Date "2024.05.31"]
[Round "4"]
[White "Silva, Rene Augusto Dos Sa"]
[Black "Da Costa, Mariana Nara Santan"]
[Result "0-1"]
[WhiteElo "1866"]
[BlackElo "1775"]
[PlyCount "112"]
[EventDate "2024.05.30"]
[EventType "swiss"]
[EventRounds "7"]
[EventCountry "BRA"]
[SourceTitle "CBM 220 Extra"]
[Source "ChessBase"]
[SourceDate "2024.07.31"]
[SourceVersion "1"]
[SourceVersionDate "2024.07.31"]
[SourceQuality "1"]

1. d4 d5 2. c4 c6 3. Nc3 Nf6 4. cxd5 cxd5 5. Nf3 Nc6 6. Bf4 Qb6 7. Na4 Qa5+ 8. Bd2 Qd8 9. a3 Bf5 10. b4 e6 11. Bf4 b5 12. Nc5 a5 13. Ne5 Qb6 14. Nxc6 Qxc6 15. f3 Be7 16. g4 Bg6 17. Be5 0-0 18. h4 h6 19. Rc1 axb4 20. axb4 Nd7 21. Bf4 Ra3 22. Ra1 Rxa1 23. Qxa1 Ra8 24. Qb2 Nb6 25. Kf2 f6 26. Bh3 Nc4 27. Qc1 e5 28. dxe5 fxe5 29. Bg3 Bxc5+ 30. bxc5 Qxc5+ 31. Kg2 Ra2 32. Re1 e4 33. f4 Ne3+ 34. Kh1 Rc2 35. Qa1 d4 36. f5 Bf7 37. Bf4 Ra2 38. Qb1 Nc2 39. Rc1 Qc3 40. Bg2 Rb2 41. Bxe4 Rxb1 42. Rxb1 Be8 43. Rc1 Bc6 44. Bxc6 Qxc6+ 45. Kh2 Qe4 46. Kg3 Qxe2 47. Rb1 b4 48. Rb3 d3 49. f6 Qe1+ 50. Kh3 Qf1+ 51. Kg3 Nd4 52. Rxb4 Qf3+ 53. Kh2 Qxf4+ 54. Kg2 Qf3+ 55. Kg1 Ne2+ 56. Kh2 Qg3+ 0-1